Vấn đề bản sắc văn hóa dân tộc Việt Nam /

Enregistré dans:
Détails bibliographiques
Auteur principal: Trần Ngọc Thêm.
Format: Article
Langue:Vietnamese
Sujets:
Tags: Ajouter un tag
Pas de tags, Soyez le premier à ajouter un tag!
Thư viện lưu trữ: Thư viện Trường Đại học Đà Lạt
LEADER 00980nam a2200349 4500
001 DLU040028080
040 # # |a DLU  |b vie 
041 # # |a vie 
044 # # |a vn 
100 # # |a Trần Ngọc Thêm. 
245 # # |a Vấn đề bản sắc văn hóa dân tộc Việt Nam /  |c Trần Ngọc Thêm. 
653 # # |a Bản sắc văn hóa 
653 # # |a Giá trị tinh thần 
653 # # |a Giao lưu văn hóa 
653 # # |a Văn hóa dân tộc 
653 # # |a Văn minh lúa nước 
653 # # |a Văn minh nông nghiệp 
773 # # |t Tạp chí Khoa học Xã hội Việt Nam  |g Số 42, 1999, tr. 24-32 
920 # # |a Phòng Tạp chí -- Trung tâm Thông tin - Thư viện Trường Đại học Đà Lạt 
933 # # |a DP 
933 # # |a LS 
933 # # |a NV 
933 # # |a VN 
933 # # |a XH 
994 # # |a DLU 
900 # # |a True 
911 # # |a Nguyễn Thị Minh Cầm 
925 # # |a G 
926 # # |a A 
927 # # |a BB 
980 # # |a Thư viện Trường Đại học Đà Lạt